Mehnersmoos - "Schnaps Kippen Dosenbier" Lyrics erraten - Statistiken

Allgemein
  • Dieses Quiz wurde 10 mal gespielt
  • Das Durchschnittsergebnis liegt bei 237 aus 407
Antwortstatistiken
ANSWER % Korrekt
Dosenbier
100%
Kippen
100%
Schnaps
100%
Bier
89%
deine
89%
ein
89%
hab
89%
hier
89%
Ich
89%
ich
89%
Und
89%
und
89%
wie
89%
die
78%
High
78%
ma
78%
Mutter
78%
Vogel
78%
4
67%
Bild
67%
deiner
67%
eine
67%
ficke
67%
mach
67%
mit
67%
Pistole
67%
so
67%
tu
67%
Vier
67%
vier
67%
von
67%
yeah
67%
Yeah
67%
all
56%
auf
56%
aus
56%
den
56%
der
56%
es
56%
Fanta
56%
ficken
56%
Frau
56%
im
56%
is
56%
ist
56%
Oh
56%
oh
56%
onanier
56%
saufen
56%
Toten
56%
alle
44%
Alle
44%
als
44%
alt
44%
Arsch
44%
bin
44%
bist
44%
dann
44%
das
44%
dass
44%
dem
44%
diese
44%
Doch
44%
doch
44%
du
44%
Du
44%
Hits
44%
Hosen
44%
Ihr
44%
ihr
44%
immer
44%
kann
44%
Karin
44%
kein
44%
keine
44%
mache
44%
mal
44%
mehr
44%
mein
44%
Meine
44%
meiner
44%
Menschen
44%
mir
44%
nich
44%
nicht
44%
noch
44%
nur
44%
Nur
44%
reich
44%
Ritter
44%
scheiße
44%
seid
44%
sind
44%
tun
44%
wär
44%
warum
44%
Warum
44%
was
44%
Wenn
44%
Wicküler
44%
Wir
44%
wir
44%
wo
44%
zum
44%
Adolf
33%
Ah
33%
ah
33%
begreifs
33%
Bucket
33%
Deichkind
33%
denken
33%
Deshalb
33%
dieser
33%
dieses
33%
dir
33%
dumm
33%
egal
33%
Eier
33%
Flavour
33%
Geld
33%
gibt
33%
hast
33%
Hater
33%
Hitler
33%
Hund
33%
Leichen
33%
List
33%
Mehnersmoos
33%
muss
33%
Nach
33%
nachts
33%
niemals
33%
ob
33%
pädophil
33%
peinlich
33%
pumpen
33%
sagen
33%
Schießgewehr
33%
schlimmer
33%
schwer
33%
Seehund
33%
Thema
33%
tut
33%
unterscheiden
33%
unterschreiben
33%
untertreiben
33%
Wein
33%
weißt
33%
Ziel
33%
zurück
33%
100
22%
aufs
22%
bald
22%
Blähung
22%
Brumm
22%
chilln
22%
erklär
22%
fame
22%
Gaspedal
22%
geil
22%
Hitlergruß
22%
hoch
22%
Jesus
22%
Kebekus
22%
Kilo
22%
kommen
22%
Lamborghinis
22%
lame
22%
Lehrer
22%
Lena
22%
liege
22%
Männern
22%
Museum
22%
Pädophiler
22%
Panamera
22%
Porsche
22%
riecht
22%
sehn
22%
Sperma
22%
stapel
22%
Tim
22%
tret
22%
Überfahr
22%
wach
22%
ziele
22%
Bendzko
11%
dis
11%
her
11%
180000
0%
Keine übereinstimmenden Quizze gefunden
Verteilung der Resultate
Anzahl Personen mit jedem Resultat
Perzentil nach korrekt beantworteten Fragen
Ihre Resultats-Entwicklung
Sie haben dieses Quiz noch nicht gespielt